NEW REVELATIONS A CONVERSATION WITH GOD (Record no. 7569)

MARC details
000 -LEADER
fixed length control field 00349nam a2200133Ia 4500
008 - FIXED-LENGTH DATA ELEMENTS--GENERAL INFORMATION
fixed length control field 240624s9999 xx 000 0 und d
041 ## - LANGUAGE CODE
Language code of text/sound track or separate title eng
082 ## - DEWEY DECIMAL CLASSIFICATION NUMBER
Classification number 100 WAL
100 ## - MAIN ENTRY--PERSONAL NAME
Personal name WALSCH NEALE DONALD
245 ## - TITLE STATEMENT
Title NEW REVELATIONS A CONVERSATION WITH GOD
260 ## - PUBLICATION, DISTRIBUTION, ETC.
Date of publication, distribution, etc. 2002
Place of publication, distribution, etc. New York
Name of publisher, distributor, etc. Atria Books
300 ## - PHYSICAL DESCRIPTION
Extent ix, : 358 : p. : cm. ; 21
365 ## - TRADE PRICE
Currency code
Price amount 35
Holdings
Withdrawn status Lost status Damaged status Not for loan Home library Current library Shelving location Date acquired Source of acquisition Cost, normal purchase price Full call number Barcode Date last seen Copy number Price effective from Koha item type
        IMTN IMTN Rack 2-B 11/30/2007 BU 24.00 100 WAL 7569 06/24/2024 39.35 06/24/2024 Books
Designed & Maintained by: LRC IMT Nagpur Contact: lrc@imtnag.ac.in© 2024. All Rights Reserved.